000 00546nam a2200181Ia 4500
008 090124s9999 xx 000 0 und d
082 _b33930
100 _aसोनवणी संजय
245 _a क्लिओपात्रा
250 _a2
260 _bपुष्प प्रकाशन
_c1997
300 _a301
600 _aसोनवणी संजय
630 _a क्लिओपात्रा
700 _aसोनवणी संजय
730 _a क्लिओपात्रा
942 _cBOOK
999 _c99802
_d99802